| 000 | 01203nam a2200229Ia 4500 | ||
|---|---|---|---|
| 003 | Ost | ||
| 005 | 20260507074924.0 | ||
| 008 | 260507s9999||||xx |||||||||||||| ||und|| | ||
| 040 | _cfsecg | ||
| 041 | _aara | ||
| 082 | _a658.403;658.46 | ||
| 100 |
_aأبوشيحة، نادر أحمد _eمؤلف |
||
| 245 | 0 |
_aالإستشارات الادارية / _c نادر أحمد أبوشيحة |
|
| 250 | _aطبعة 6 (مزيدة ومنقحة) | ||
| 260 |
_aعمان: _bدار المسيرة, _c2014 |
||
| 300 |
_a239 صفحة؛ _bإيضاحات ؛ _c25 سم |
||
| 504 | _aببليوغرافيا: ص.235 | ||
| 520 | _aالاستشارة الإدارية:إطار عام -العملية الاستشارية -عرض التقرير الاستشاري -واقع الاستشارة الإدارية في الدول العربية -حالات مختارة من الخبرة العربية في الاستشارة الإدارية -المنظمة العربية للتنمية الإدارية كبيت خبرة عربي في مجال الاستشارات الإدارية :الواقع وآفاق التطوير. | ||
| 653 | _aإدارة الأعمال | ||
| 653 | _aالادارة | ||
| 942 | _cكتاب | ||
| 999 |
_c41820 _d41820 |
||